Central Library OPAC University of Rajshahi

Integral transforms in mathematical physics / (Record no. 8314)

MARC details
000 -LEADER
fixed length control field 00822cam a22002652 4500
001 - CONTROL NUMBER
control field 8314
003 - CONTROL NUMBER IDENTIFIER
rucl marc code BD-RJUL
005 - DATE AND TIME OF LATEST TRANSACTION
control field 20211208234550.0
008 - FIXED-LENGTH DATA ELEMENTS--GENERAL INFORMATION
fixed length control field 14 r19711966enka b 001 0 eng c
035 ## - SYSTEM CONTROL NUMBER
System control number (BD-RjUL)8359
040 ## - CATALOGING SOURCE
Original cataloging agency DLC/ICU
Transcribing agency CGU
Modifying agency DLC
-- UKM
-- EQO
-- BD-RjUL
Language of cataloging eng
041 ## - LANGUAGE CODE
Language code of text/sound track or separate title eng
082 00 - DEWEY DECIMAL CLASSIFICATION NUMBER
Classification number 512.86
Edition number 16
Author mark and year TRI 1971
100 1# - MAIN ENTRY--PERSONAL NAME
Personal name Tranter, C. J.
Fuller form of name (Clement John)
9 (RLIN) 19041
245 10 - TITLE STATEMENT
Title Integral transforms in mathematical physics /
Statement of responsibility, etc. C.J. Tranter.
250 ## - EDITION STATEMENT
Edition statement 3rd ed.
260 ## - PUBLICATION, DISTRIBUTION, ETC. (IMPRINT)
Place of publication, distribution, etc. London :
Name of publisher, distributor, etc. Methuen ;
Place of publication, distribution, etc. New York :
Name of publisher, distributor, etc. Chapman and Hall,
Date of publication, distribution, etc. 1971.
300 ## - PHYSICAL DESCRIPTION
Pagination ix, 139 p.
Illustrations diagrs.
Size 18 cm.
490 0# - SERIES STATEMENT
Series statement Integral transforms in Mathematical physics.
504 ## - BIBLIOGRAPHY, ETC. NOTE
Bibliography, etc Includes index
650 #0 - SUBJECT ADDED ENTRY--TOPICAL TERM
Topical term or geographic name as entry element Mathematical physics.
9 (RLIN) 1138
Topical term or geographic name as entry element Integral transforms.
9 (RLIN) 19804
942 ## - ADDED ENTRY ELEMENTS (KOHA)
Source of classification or shelving scheme Dewey Decimal Classification
Koha item type Books
Holdings
Lost status Source of classification or shelving scheme Damaged status Not for loan Collection code Permanent Location Current Location Shelving location Date acquired Source of acquisition Total Checkouts Full call number Date last seen Copy number Koha item type Cost, normal purchase price
  Dewey Decimal Classification     Non-fiction Central Library, University of Rajshahi Central Library, University of Rajshahi   19/01/1974 U.S. Govt. Gift   512.86 TRI 1971 18/01/2014 C-7 Books  
  Dewey Decimal Classification   Not For Loan Non-fiction Central Library, University of Rajshahi Central Library, University of Rajshahi   12/09/1956 Pak. American Co.   512.86 TRI 1956 19/01/2014 C-1 Books 6.15
  Dewey Decimal Classification     Non-fiction Central Library, University of Rajshahi Central Library, University of Rajshahi   19/01/1974 U.S. Govt.   530.1 TRI 1971 01/09/2016 C-2 Books  
  Dewey Decimal Classification     Non-fiction Central Library, University of Rajshahi Central Library, University of Rajshahi   19/01/1974 U.S. Govt.   530.1 TRI 1971 01/09/2016 C-3 Books  
  Dewey Decimal Classification     Non-fiction Central Library, University of Rajshahi Central Library, University of Rajshahi   19/01/1974 U.S. Govt.   530.1 TRI 1971 01/09/2016 C-4 Books